| 000 | 01497nam a2200397 c 4500 | ||
|---|---|---|---|
| 001 | 59109 | ||
| 003 | CO-BoRNBP | ||
| 005 | 20250909203423.0 | ||
| 007 | ta | ||
| 008 | 210813r20122016ck a er 000 0 spa d | ||
| 020 | _a9789582003654 | ||
| 040 |
_aCO-BoRNBP _bspa _erda _cCO-BoRNBP |
||
| 041 | 0 | _aspa | |
| 043 | _as-ck--- | ||
| 082 | 0 | 4 |
_a372.868 _bE71d1 _222 |
| 082 | 0 | 4 |
_a793.31 _bE71d |
| 100 |
_aEscobar Zamora, Cielo Patricia _eaut _961532 |
||
| 245 | 1 | 0 |
_aDanzas folclóricas colombianas : _bguía práctica para la enseñanza y aprendizaje / _cCielo Patricia Escobar Zamora ; ilustrado por Fernando Avella. |
| 250 | _aCuarta edición | ||
| 250 |
_aPrimera edición _bCuarta reimpresión |
||
| 264 | 1 |
_aBogotá, Colombia : _bCooperativa Editorial Magisterio, _c2016 |
|
| 300 |
_a151 páginas : _bilustraciones |
||
| 336 |
_atexto _btxt _2rdacontent |
||
| 337 |
_asin mediación _bn _2rdamedia |
||
| 338 |
_avolumen _bnc _2rdacarrier |
||
| 490 | 0 | _aArtísticamente | |
| 490 | 0 | _aAula alegre | |
| 504 | _aIncluye referencias bibliográficas | ||
| 521 | _aRecomendado para público adulto | ||
| 545 | _aIncluye datos biográficos de la autora al final del texto | ||
| 650 | 0 | 7 |
_aDanzas Populares y Nacionales _xEnseñanza _zCosta Atlántica (Colombia) _2LEMB _964788 |
| 650 | 0 | 7 |
_aDanzas Populares y Nacionales _xEnseñanza _zRegión Andina (Colombia) _2LEMB _964789 |
| 650 | 0 | 7 |
_aFolclor colombiano _xEnseñanza _2lemb _964790 |
| 700 |
_aAvella, Fernando _eill _964791 |
||
| 942 |
_2ddc _cBK |
||
| 999 |
_c59109 _d59109 |
||